Servicio social y división del trabajo: un análisis crítico de sus fundamentos
Guardat en:
| Autor principal: | |
|---|---|
| Format: | Llibre |
| Idioma: | portuguès |
| Publicat: |
Sao Paulo
Cortez
2001
|
| Edició: | 2a. ed |
| Col·lecció: | Biblioteca latinoamericana de Servicio Social
|
| Matèries: | |
| Etiquetes: |
Afegir etiqueta
Sense etiquetes, Sigues el primer a etiquetar aquest registre!
|
MARC
| LEADER | 00000nam a2200000 a 4500 | ||
|---|---|---|---|
| 001 | UCH1355 | ||
| 003 | CL-VaPUC | ||
| 008 | 090427e20010000BL |||||||||||||||||por|d | ||
| 020 | |a 8524906561 | ||
| 082 | 0 | 4 | |a 361.32 |b IAM |2 21 |
| 100 | |a Iamamoto, Marilda Villela |e author |9 535826 | ||
| 245 | 1 | 0 | |a Servicio social y división del trabajo: un análisis crítico de sus fundamentos |
| 250 | |a 2a. ed | ||
| 300 | |a 222 p | ||
| 942 | |c BK | ||
| 945 | |d 20090427 00:00:00 |a rbrito | ||
| 260 | |a Sao Paulo |b Cortez |c 2001 | ||
| 650 | 0 | |a Servicio social |9 307999 | |
| 650 | 0 | |a Trabajo social |9 307856 | |
| 650 | 0 | |a Problemas sociales |9 258537 | |
| 650 | 7 | |a FILOSOFIA POLITICA |2 CL-VaPUC |9 535807 | |
| 650 | 0 | |a Relaciones sociales |9 376480 | |
| 583 | |a last modification |c 20090427 00:00:00 |k Rodrigo Vera | ||
| 490 | 0 | |a Biblioteca latinoamericana de Servicio Social | |
| 999 | |c 333406 |d 333404 | ||
| 952 | |0 0 |1 0 |4 0 |6 361_320000000000000_IAM_2001 |7 0 |8 A |9 421765 |a BIBGIM |b BIBGIM |d 2019-11-22 |i 4540352 |o 361.32 IAM 2001 |p 4540352 |r 2025-01-15 |w 2019-11-22 |y BK |k SSL | ||